000 01272nam0a22002771 4500
001 rc\2177283
005 20260407075801.0
035 _a(NLR Aleph) 006690165
090 _a5143717
_c5143717
100 _a20110829d1979 |||y0rusy50 ca
101 0 _arus
102 _aRU
105 _ay z |||||
200 1 _aИзменение социальной структуры Дагестана в условиях развитого социализма
_e(Темат. сб. статей)
_fДаг. фил. АН СССР, Ин-т истории, яз. и лит. им. Г. Цасады
_g[Отв. ред. А.Б. Баймурзаев]
210 _aМахачкала
_cБ. и.
_d1979
215 _a133 с.
_cграф.
_d20
606 _aНаселение
_yДат. АССР
_jСборники
_xСоциальная структура
_2psbo
702 1 _aБаймурзаев
_bА.Б.
_gАбуш Баймурзаевич
_4340
712 0 2 _aИнститут истории, языка и литературы им. Гамзата Цадасы
_cМахачкала
_3RU\NLR\AUTH\884533
_9280588
801 0 _aRU
_bNLR
_gpsbo
801 1 _aRU
_bELAR
_2rusmarc
852 _aNLR
_j80-3/8833
899 _aRuMoRGB
_jБ 80-27/15
899 _aRuMoRGB
_jБ 80-27/16
942 _cBOOK
980 _aNB